000 00463nam a2200181Ia 4500
001 11723
005 20260306162849.0
008 260306t2024||||xx |||||||||||||| ||spa||
041 _aESP
082 _aHR 027.985
_bJUN 2024 ARA.2
110 _aArchivo Regional de Arequipa
245 0 _aARA :
_brevista del Archivo Regional de Arequipa
260 _c2024
300 _a38 páginas :
_c30 cm.
650 _aGEN
654 _aCHU
942 _cREV
_dJUS
_fJUS
_2ddc
_n
999 _c11723
_d11723